Nemocnica v strede mesta /
Uložené v:
| Médium: | Kniha |
|---|---|
| Vydané: |
Bratislava :
Alexandra,
2004
|
| Vydanie: | 1. vyd. |
| ISBN: |
8096846671 (viaz.) |
| Tagy: |
Pridať tag
Žiadne tagy, Buďte prvý kto otaguje tento záznam!
|
Titul je dostupný aj v ... 

MARC
| LEADER | 00000nam a2200000 a 4500 | ||
|---|---|---|---|
| 001 | 000007607 | ||
| 005 | 20050131102836.0 | ||
| 008 | 050131s2004 e o | ||
| 020 | |a 8096846671 (viaz.) | ||
| 245 | 0 | 0 | |a Nemocnica v strede mesta / |c Rudolf Moravec |
| 250 | |a 1. vyd. | ||
| 260 | |a Bratislava : |b Alexandra, |c 2004 | ||
| 919 | |a 80-968466-7-1 | ||
| 998 | |a BK | ||
| 090 | |g SCKHL |k Sklad |i B9268 |s Absenčne | ||